| 000 | 00788nam a2200205 a 4500 | ||
|---|---|---|---|
| 003 | 0 | ||
| 005 | 20250210105509.0 | ||
| 008 | 130129s19uu xx 00 eng d | ||
| 050 |
_aPHS BF 575.S39 _b.D631 2012 |
||
| 100 | _aDo, Seong Hye. | ||
| 245 |
_aSelf-consciousness of students in the homogeneous and heterogeneous classes / _cDo Seong Hye. |
||
| 260 |
_aLas PiƱas City, Philippines : _bSouthville International School and Colleges, _c2012. |
||
| 300 |
_a25 pages : _billustrations ; _c28 cm. |
||
| 504 | _aIncludes bibliographical references. | ||
| 650 |
_aSelf-consciousness (Awareness) _xPsychological aspects. |
||
| 650 |
_aIdentity _xAnalysis. |
||
| 650 |
_aClassroom environment _xPsychological aspects. |
||
| 650 |
_aSocial perception _xStudent behavior. |
||
| 942 |
_2lcc _cPASS |
||
| 999 |
_c98883 _d98883 |
||